00972nam a22002657a 45000010005000000030006000050050017000110080041000280200018000690400029000870500016001160820011001321000012001432450048001552600041002033000061002444900019003055050008003245200249003325210029005815210020006106500021006306500020006517000035006717499FISKH20250722111507.0250722b cb ||||| |||| 00| 0 eng d a9780448456928 aFISKHbengcFISKHdFISKH aPZ7.B882527 a823.92 aGrosset aBuddy loses a tooth / cBy Grosset & Dunlap aNew York : bPenguin Group , c2011. a32 unnumbered pages : bcolor illustrations ; c21 cm .  aDinosaur Train aG  a"Hop onto the Dinosaur Train and find out all about dinosaur teeth when Buddy loses his first tooth! Travel to Rexville Station, where Buddy and his family visit Delores Tyrannosaurus to learn about T. rex teeth. All Aboard!." -- Cover, p. [4].8 a400 bLexile estimate 8 aG bRaz-Plus  aFamily vFiction aTeeth vFiction aBartlett, Craig eIllustrator